00763nam a2200181 a 450000100100000000500170001000800410002704000250006808200150009310000470010824500500015526000420020530000220024704900090026995201720027895201140045099900170056400003218220200930063511.0110713s1924 dr 000 p spa d aDO-SdBNPbspacBNPHU axxxbM843d1 aMoreno Jimenes, Domingo,d1894-198691953413aDel anodismo al postumismo /cMoreno Jimenes. aSanto Domingo :bColina Sacra,c1924. a[12] p. ;c16 cm. aBNPD 001050718RVaPDbPDcCTd2011-07-13iLF1l0oxxx M843dp32182-10r2020-06-25w2020-06-25y1zPerteneció a la biblioteca personal de Martínez Boog.ZNo se presta 00107-18PDaPDbPDcOId2011-07-13iLF1l0oxxx M843dp32183-10r2020-06-25w2020-06-25yLFPDZNo se presta c31673d31673